| 000 | 00518nam a2200157 a 4500 | ||
|---|---|---|---|
| 001 | 000036023 | ||
| 005 | 20200930074816.0 | ||
| 008 | 111123s1995 dr ac 000 0 spa d | ||
| 040 |
_aDO-SdBNP _bspa _cBNPHU |
||
| 082 |
_axxxx _bE19M |
||
| 100 | 1 |
_aEckert, Mario _d1953- _962065 |
|
| 245 | 1 | 0 |
_aMariano Eckert : _ben homenaje a la naturaleza. |
| 260 |
_aSanto Domingo : _bVoluntariado de las Casas Reales : _bCasa de Bastidas, _c1995. |
||
| 300 |
_a[6 p.] : _bils., retr. ; _c22 cm. |
||
| 500 | _aTÃtulo tomado de la cubierta | ||
| 999 |
_c35514 _d35514 |
||